000 00539nam a22001937a 4500
005 20160726122045.0
010 _aENG-115533
020 _a9789382303671
_c300.00
035 _aEN-99065
037 _bDBAD/PUB
082 _aN
100 _a D'sylva,Christine
245 _a Bollywood princess/
_bby Christine D'sylva
260 _aKolkata
_bSmiriti Publishers
_c2014
270 _a"Oasis" CF-41 Sector 1 Salt Lake City
_bKolkata
_e700064
300 _a287p.
_c17cm(pbk)
700 _aRoy, Partha Pratim
942 _2ddc
_cEN
_hN
_mDSY
999 _c101479
_d101479